000 00554nam a2200193Ia 4500
005 20250326140745.0
008 250326s9999 xx 000 0 und d
020 _a81-7366-176-6
037 _aTextbook
040 _aFMSL
_beng
_cFMSL
041 _aeng
_2eng
084 _aD658(2:55) N8
_qFMSL
100 _aHorton Ivor
_9742994
245 0 _aBeginning C++ : The Complete language
_cHorton Ivor
260 _aMumbai
_bMumbai, Shroff Publishers
_c1998
300 _axxi,953
942 _cTB
_hD658(2:55) N8
999 _c1287158
_d1287158